[Event "Skopje op-B"]
[Site "Skopje"]
[Date "2024.12.15"]
[Round "6"]
[White "Jakimov, Dragi"]
[Black "Lazovski, Kristijan"]
[Result "1/2-1/2"]
[WhiteElo "1540"]
[BlackElo "1756"]
[PlyCount "58"]
[EventDate "2024.12.11"]
[EventType "swiss"]
[EventRounds "9"]
[EventCountry "MKD"]
[SourceTitle "CB52_2024"]
[SourceDate "2024.12.25"]
[SourceVersion "1"]
[SourceVersionDate "2024.12.25"]
[SourceQuality "1"]

1. c4 Nf6 2. Nc3 e5 3. d3 Bb4 4. g3 c6 5. a3 Ba5 6. b4 Bc7 7. Bg2 0-0 8. Bg5 h6 9. Bxf6 Qxf6 10. Nf3 a5 11. 0-0 d6 12. h3 Nd7 13. Nd2 Qg6 14. b5 c5 15. Nd5 Bd8 16. a4 Ra7 17. Kh2 b6 18. f4 f5 19. e3 Nf6 20. fxe5 dxe5 21. Nxf6+ Bxf6 22. Bd5+ Kh8 23. e4 f4 24. g4 Bh4 25. Nf3 Bg3+ 26. Kg2 Qe8 27. Rh1 g6 28. Ng1 Bh4 29. Nf3 Bg3 1/2-1/2

[Event "FRM-chT2"]
[Site "Struga"]
[Date "2024.07.11"]
[Round "6.4"]
[White "Eftovski, Sasho"]
[Black "Lazovski, Kristijan"]
[Result "1-0"]
[WhiteElo "2039"]
[BlackElo "1820"]
[PlyCount "125"]
[EventDate "2024.07.07"]
[EventType "team-tourn"]
[EventRounds "9"]
[EventCountry "MKD"]
[SourceTitle "EXT 2025"]
[Source "ChessBase"]
[SourceDate "2024.10.14"]
[SourceVersion "1"]
[SourceVersionDate "2024.10.14"]
[SourceQuality "1"]

1. d4 Nf6 2. Nf3 g6 3. h3 Bg7 4. Bf4 0-0 5. e3 d6 6. c4 Nbd7 7. Nc3 b6 8. Be2 Bb7 9. 0-0 a6 10. Qc2 Qe8 11. Bh2 e5 12. dxe5 Nxe5 13. Nxe5 dxe5 14. Rad1 Qe7 15. Rd2 Rad8 16. Rfd1 Rxd2 17. Qxd2 Ne4 18. Nxe4 Bxe4 19. a3 a5 20. Bg3 Bc6 21. f3 Ba4 22. Rb1 Rd8 23. Qe1 Qc5 24. Bf2 e4 25. b3 Bc6 26. b4 axb4 27. axb4 Qf5 28. g4 Qf6 29. f4 Ra8 30. b5 Bd7 31. Rd1 Be6 32. Bh4 Qc3 33. Qxc3 Bxc3 34. Rd8+ Rxd8 35. Bxd8 Bb4 36. Bxc7 Bc5 37. Kf2 f6 38. h4 h6 39. g5 hxg5 40. hxg5 f5 41. Be5 Bb4 42. Bd4 Ba5 43. c5 bxc5 44. Bxc5 Kf7 45. b6 Bd5 46. Ba6 Ke6 47. b7 Bc7 48. Ba7 Bxb7 49. Bxb7 Kf7 50. Bd4 Kg8 51. Ke2 Ba5 52. Kd1 Bb4 53. Kc2 Kh7 54. Kb3 Ba5 55. Bc8 Bd2 56. Kc4 Bc1 57. Kd5 Ba3 58. Ke6 Bc1 59. Kf7 Bb2 60. Bxf5 Bxd4 61. Bxg6+ Kh8 62. exd4 e3 63. Bd3 1-0

[Event "FRM-chT2"]
[Site "Struga"]
[Date "2024.07.09"]
[Round "4.5"]
[White "Nikolovski, Mihail"]
[Black "Lazovski, Kristijan"]
[Result "1-0"]
[WhiteElo "1704"]
[BlackElo "1820"]
[PlyCount "73"]
[EventDate "2024.07.07"]
[EventType "team-tourn"]
[EventRounds "9"]
[EventCountry "MKD"]
[SourceTitle "EXT 2025"]
[Source "ChessBase"]
[SourceDate "2024.10.14"]
[SourceVersion "1"]
[SourceVersionDate "2024.10.14"]
[SourceQuality "1"]

1. e4 c6 2. d4 d5 3. exd5 cxd5 4. Nf3 Bf5 5. Bd3 Bxd3 6. Qxd3 Nf6 7. 0-0 e6 8. Bf4 Nc6 9. c3 Bd6 10. Bxd6 Qxd6 11. Nbd2 0-0 12. Rfe1 Rfc8 13. Ne5 Nd7 14. f4 Rab8 15. Ndf3 Nf8 16. g3 b5 17. f5 exf5 18. Qxf5 f6 19. Nd3 b4 20. Nf4 Ne7 21. Qd3 bxc3 22. bxc3 Neg6 23. Nxg6 Nxg6 24. Re2 Qa3 25. Qf5 Rd8 26. Re3 Qb2 27. Rae1 Qxa2 28. Qe6+ Kf8 29. Ng5 fxg5 30. Rf3+ Nf4 31. gxf4 g4 32. Rfe3 Qa3 33. Qxg4 g6 34. Qh4 Rd7 35. Qf6+ Kg8 36. Re8+ Qf8 37. Qxf8# 1-0

[Event "FRM-ch op"]
[Site "Skopje"]
[Date "2024.05.16"]
[Round "7"]
[White "Bujukliev, Nikola"]
[Black "Lazovski, Kristijan"]
[Result "1-0"]
[WhiteElo "2165"]
[BlackElo "1770"]
[PlyCount "57"]
[EventDate "2024.05.11"]
[EventType "swiss"]
[EventRounds "9"]
[EventCountry "MKD"]
[SourceTitle "CBM 220 Extra"]
[Source "ChessBase"]
[SourceDate "2024.07.31"]
[SourceVersion "1"]
[SourceVersionDate "2024.07.31"]
[SourceQuality "1"]

1. e4 c6 2. d4 d5 3. e5 Bf5 4. h4 h6 5. Bd3 Bxd3 6. Qxd3 e6 7. Nf3 c5 8. dxc5 Qa5+ 9. Nbd2 Qxc5 10. 0-0 Ne7 11. c4 Nbc6 12. a3 a5 13. b4 Qb6 14. b5 Nb8 15. cxd5 Nxd5 16. Nc4 Qd8 17. Ne3 Nxe3 18. Qxd8+ Kxd8 19. Bxe3 Nd7 20. Rfd1 Ke8 21. Rac1 Bxa3 22. Rc7 Rd8 23. Rxb7 Rf8 24. Ra7 Bb4 25. b6 Nc5 26. Rxd8+ Kxd8 27. Nd4 Nd7 28. Nc6+ Kc8 29. Rc7# 1-0

[Event "FRM-ch op"]
[Site "Skopje"]
[Date "2024.05.15"]
[Round "6"]
[White "Lazovski, Kristijan"]
[Black "Radonjanin, Nikola"]
[Result "1-0"]
[WhiteElo "1770"]
[BlackElo "1693"]
[PlyCount "115"]
[EventDate "2024.05.11"]
[EventType "swiss"]
[EventRounds "9"]
[EventCountry "MKD"]
[SourceTitle "CBM 220 Extra"]
[Source "ChessBase"]
[SourceDate "2024.07.31"]
[SourceVersion "1"]
[SourceVersionDate "2024.07.31"]
[SourceQuality "1"]

1. d4 d5 2. c4 c6 3. Nf3 Nf6 4. Nc3 Bf5 5. Qb3 Qb6 6. cxd5 Nxd5 7. Nxd5 Qxb3 8. Nc7+ Kd8 9. axb3 Kxc7 10. Bf4+ Kc8 11. Ne5 Bg6 12. Nxg6 hxg6 13. e4 e6 14. f3 Bb4+ 15. Kf2 Rd8 16. Be3 b5 17. Be2 Kb7 18. h4 Nd7 19. Rhd1 Nb6 20. Bg5 f6 21. Bf4 a5 22. Ke3 a4 23. bxa4 Nxa4 24. Ra2 e5 25. Bg3 exd4+ 26. Kf2 Kb6 27. Rda1 Ra6 28. Bd3 Rda8 29. e5 f5 30. Bc2 c5 31. e6 c4 32. Be5 d3 33. Bd1 Kc5 34. b3 Rxe6 35. f4 c3 36. bxa4 c2 37. Bxc2 dxc2 38. Rxc2+ Kb6 39. a5+ Ka6 40. Bxg7 Rd8 41. Be5 Rd2+ 42. Rxd2 Bxd2 43. Ra2 Bb4 44. Kf3 Bd6 45. Bc3 Bc5 46. Bd2 Re4 47. g4 Be7 48. Rc2 Bxh4 49. Rc6+ Ka7 50. a6 Ra4 51. Be3+ Kb8 52. gxf5 gxf5 53. a7+ Kb7 54. Rb6+ Kxa7 55. Rh6+ Kb7 56. Rxh4 b4 57. Rh6 Kc7 58. Rb6 1-0

[Event "FRM-ch op"]
[Site "Skopje"]
[Date "2024.05.13"]
[Round "4"]
[White "Lazovski, Kristijan"]
[Black "Mihajlovski, Petre"]
[Result "1/2-1/2"]
[WhiteElo "1770"]
[BlackElo "1978"]
[PlyCount "115"]
[EventDate "2024.05.11"]
[EventType "swiss"]
[EventRounds "9"]
[EventCountry "MKD"]
[SourceTitle "CBM 220 Extra"]
[Source "ChessBase"]
[SourceDate "2024.07.31"]
[SourceVersion "1"]
[SourceVersionDate "2024.07.31"]
[SourceQuality "1"]

1. d4 d5 2. Nf3 e6 3. c4 f5 4. Nc3 Nf6 5. Bg5 Be7 6. e3 0-0 7. Be2 c6 8. 0-0 Ne4 9. Bxe7 Qxe7 10. Qc2 Nd7 11. c5 e5 12. b4 Nxc3 13. Qxc3 e4 14. Nd2 f4 15. exf4 Rxf4 16. a4 Nf6 17. Qg3 Rf5 18. Rfb1 h6 19. Nf1 Rg5 20. Qb3 Bg4 21. Bxg4 Nxg4 22. Ne3 Rf8 23. Ra2 Qf6 24. Qb2 Qf4 25. Nxg4 Qxg4 26. g3 Qh3 27. Qe2 Rh5 28. f4 exf3 29. Qf2 Rg5 30. Rb3 Rgf5 31. Raa3 Qg4 32. b5 h5 33. bxc6 bxc6 34. a5 h4 35. a6 hxg3 36. hxg3 R5f6 37. Rd3 Qg5 38. Rxf3 Qc1+ 39. Kg2 Rb8 40. Rac3 Qa1 41. Ra3 Qc1 42. Rac3 Rxf3 43. Qxf3 Qd2+ 44. Kh3 Qxd4 45. Rc1 Rf8 46. Qe2 Rf6 47. Kg2 Qe4+ 48. Qxe4 dxe4 49. Rc4 e3 50. Re4 Rf2+ 51. Kg1 Ra2 52. Rxe3 Rxa6 53. Re6 Kf7 54. Rd6 Ke7 55. Kf2 Ra2+ 56. Ke3 Ra6 57. Ke4 Ra4+ 58. Kf3 1/2-1/2

[Event "FRM-chT2"]
[Site "Struga"]
[Date "2023.07.02"]
[Round "4.4"]
[White "Lazovski, Kristijan"]
[Black "Lusheski, Konstantin"]
[Result "1/2-1/2"]
[WhiteElo "1480"]
[BlackElo "1735"]
[PlyCount "35"]
[EventDate "2023.06.30"]
[EventType "team-tourn"]
[EventRounds "7"]
[EventCountry "MKD"]
[SourceTitle "EXT 2024"]
[Source "ChessBase"]
[SourceDate "2023.10.10"]
[SourceVersion "1"]
[SourceVersionDate "2023.10.10"]
[SourceQuality "1"]

1. d4 Nf6 2. c4 g6 3. Nf3 Bg7 4. g3 c6 5. Bg2 d5 6. cxd5 cxd5 7. 0-0 0-0 8. Bf4 Qb6 9. Qb3 Qxb3 10. axb3 Nc6 11. Nc3 Bf5 12. Rfc1 Be4 13. e3 Rfc8 14. Ne5 Bxg2 15. Kxg2 Nb4 16. Ne2 Nc2 17. Ra4 a5 18. Nd3 1/2-1/2

[Event "FRM-ch U16"]
[Site "Struga"]
[Date "2023.06.19"]
[Round "4"]
[White "Lazovski, Kristijan"]
[Black "Zlatkov, Anton"]
[Result "0-1"]
[WhiteElo "1480"]
[BlackElo "2228"]
[PlyCount "112"]
[EventDate "2023.06.17"]
[EventType "swiss"]
[EventRounds "9"]
[EventCountry "MKD"]
[SourceTitle "EXT 2024"]
[Source "ChessBase"]
[SourceDate "2023.10.10"]
[SourceVersion "1"]
[SourceVersionDate "2023.10.10"]
[SourceQuality "1"]

1. d4 Nf6 2. c4 e6 3. g3 Bb4+ 4. Bd2 Qe7 5. Bg2 0-0 6. Nf3 Bxd2+ 7. Nbxd2 d6 8. 0-0 e5 9. e4 a5 10. Qc2 Bg4 11. Rac1 Na6 12. d5 Nb4 13. Qb3 Na6 14. Qe3 Nc5 15. b3 c6 16. Ne1 cxd5 17. cxd5 Bd7 18. f3 b5 19. Nd3 Nxd3 20. Qxd3 Rfc8 21. Qb1 Qd8 22. Rfd1 Qb6+ 23. Kh1 h5 24. h4 Ne8 25. Nf1 Nc7 26. Qb2 Na6 27. a3 Nc5 28. b4 axb4 29. axb4 Na4 30. Qd2 Rc4 31. Ne3 Rd4 32. Qe1 Nb2 33. Rxd4 Qxd4 34. Ra1 Rc8 35. Rc1 Ra8 36. Ra1 Ra4 37. Nc2 Qd3 38. Rc1 Nc4 39. Qf1 Qb3 40. Qe1 Ra2 41. Qd1 Qb2 42. Kh2 f5 43. Kh1 f4 44. gxf4 exf4 45. Qf1 Nd2 46. Qd1 Nb3 47. Rb1 Qc3 48. Ne1 Nd2 49. Rc1 Qxb4 50. Nd3 Qd4 51. Nxf4 Qf2 52. Qe1 Qxe1+ 53. Rxe1 b4 54. Bf1 b3 55. Bd3 b2 56. Bb1 Ra1 0-1

[Event "FRM-ch U16"]
[Site "Struga"]
[Date "2023.06.18"]
[Round "3"]
[White "Velickovski, Filip"]
[Black "Lazovski, Kristijan"]
[Result "0-1"]
[WhiteElo "1492"]
[BlackElo "1480"]
[PlyCount "72"]
[EventDate "2023.06.17"]
[EventType "swiss"]
[EventRounds "9"]
[EventCountry "MKD"]
[SourceTitle "EXT 2024"]
[Source "ChessBase"]
[SourceDate "2023.10.10"]
[SourceVersion "1"]
[SourceVersionDate "2023.10.10"]
[SourceQuality "1"]

1. e4 c6 2. d4 d5 3. e5 Bf5 4. Nf3 e6 5. Nc3 Nd7 6. Bf4 Qb6 7. Be2 Qxb2 8. Bd2 Qxc2 9. Qxc2 Bxc2 10. 0-0 Ne7 11. Rfc1 Bg6 12. Nh4 Nf5 13. Nf3 Be7 14. Bd3 Nh4 15. Bxg6 Nxf3+ 16. gxf3 hxg6 17. Rab1 b6 18. Rc2 0-0 19. f4 c5 20. Be3 cxd4 21. Bxd4 Bc5 22. Ne2 Rac8 23. Rbc1 Rfd8 24. a4 Kf8 25. Kg2 Ke7 26. a5 Rc6 27. axb6 axb6 28. Kf3 Rdc8 29. Be3 Nb8 30. Nc3 d4 31. Nb5 dxe3 32. Na7 exf2 33. Nxc6+ Nxc6 34. Kg2 Nb4 35. Rc4 Nd5 36. Kf3 Ne3 0-1

[Event "FRM-ch op"]
[Site "Skopje"]
[Date "2023.05.09"]
[Round "7"]
[White "Jovanovski, Zoran"]
[Black "Lazovski, Kristijan"]
[Result "1-0"]
[WhiteElo "1701"]
[BlackElo "1441"]
[PlyCount "145"]
[EventDate "2023.05.04"]
[EventType "swiss"]
[EventRounds "9"]
[EventCountry "MKD"]
[SourceTitle "CBM 214 Extra"]
[Source "ChessBase"]
[SourceDate "2023.07.31"]
[SourceVersion "1"]
[SourceVersionDate "2023.07.31"]
[SourceQuality "1"]

1. e4 c6 2. d4 d5 3. Nc3 dxe4 4. Nxe4 Nd7 5. Nf3 Ngf6 6. Ng3 e6 7. Bd3 Bd6 8. 0-0 0-0 9. c4 c5 10. d5 exd5 11. cxd5 Nb6 12. Bg5 Be7 13. Re1 Nbxd5 14. Bc4 Be6 15. Qe2 Re8 16. Rad1 Qb6 17. a3 Rad8 18. Qc2 Qc6 19. Ba2 h6 20. Bc1 Nc7 21. Bb1 Rxd1 22. Rxd1 Qb6 23. Nh5 Bb3 24. Nxf6+ Bxf6 25. Qh7+ Kf8 26. Rd7 g5 27. Qxh6+ Bg7 28. Qxb6 axb6 29. Rxc7 g4 30. Be3 gxf3 31. gxf3 Bd5 32. b4 cxb4 33. axb4 Bxf3 34. Ba2 Re7 35. Rxe7 Kxe7 36. Bxb6 Bc3 37. Bc5+ Kf6 38. Bc4 Bd2 39. Bf1 Bg4 40. Bg2 b6 41. Bd4+ Ke6 42. b5 Ba5 43. Bc6 Bh3 44. f3 Bf5 45. Kf2 Bd3 46. h4 Kf5 47. Ke3 Bc4 48. Bd7+ Kg6 49. Ke4 Kh5 50. Bf6 Be1 51. Bg4+ Kg6 52. Bd8 Bxb5 53. h5+ Kh7 54. Bxb6 Bd2 55. Kf5 Bc4 56. Bd4 Bh6 57. Ke4 Bb3 58. Bf6 Bc2+ 59. Ke5 Kg8 60. f4 Bg7 61. Bf5 Bxf6+ 62. Kxf6 Bb3 63. h6 Kh8 64. Ke7 Bc4 65. Be4 Kg8 66. Kf6 Bb3 67. Ke5 Bc4 68. Bd5 Be2 69. Kf6 Bh5 70. Bxf7+ Bxf7 71. h7+ Kh8 72. Kxf7 Kxh7 73. f5 1-0

[Event "FRM-ch op"]
[Site "Skopje"]
[Date "2023.05.06"]
[Round "3"]
[White "Petrov, Vancho"]
[Black "Lazovski, Kristijan"]
[Result "1-0"]
[WhiteElo "1901"]
[BlackElo "1441"]
[PlyCount "71"]
[EventDate "2023.05.04"]
[EventType "swiss"]
[EventRounds "9"]
[EventCountry "MKD"]
[SourceTitle "CBM 214 Extra"]
[Source "ChessBase"]
[SourceDate "2023.07.31"]
[SourceVersion "1"]
[SourceVersionDate "2023.07.31"]
[SourceQuality "1"]

1. e4 c6 2. d4 d5 3. Nc3 dxe4 4. Nxe4 Nd7 5. Nf3 Ngf6 6. Ng3 Qc7 7. Bd3 e6 8. 0-0 Be7 9. c4 0-0 10. b3 Rd8 11. Bb2 c5 12. Qc2 cxd4 13. Nxd4 a6 14. Rad1 Ne5 15. Rfe1 Nxd3 16. Rxd3 b6 17. Qe2 Bf8 18. Nh5 Nxh5 19. Qxh5 h6 20. Rg3 Bb7 21. Nf3 Bxf3 22. Qxf3 Ra7 23. h3 Rd2 24. Qc3 Rxb2 25. Qxb2 Qf4 26. Rg4 Qf5 27. Qe5 Qc2 28. Qe2 Qc3 29. Rd1 Rc7 30. Qd2 Qe5 31. Qf4 Qe2 32. Rd8 Qe1+ 33. Kh2 e5 34. Qf6 g6 35. Rxg6+ fxg6 36. Qxf8+ 1-0

[Event "Skopje op"]
[Site "Skopje"]
[Date "2022.10.26"]
[Round "8"]
[White "Trajkovski, Mile"]
[Black "Lazovski, Kristijan"]
[Result "1-0"]
[WhiteElo "1944"]
[BlackElo "1341"]
[PlyCount "83"]
[EventDate "2022.10.21"]
[EventType "swiss"]
[EventRounds "9"]
[EventCountry "MKD"]
[SourceTitle "EXT 2024"]
[Source "ChessBase"]
[SourceDate "2023.10.10"]
[SourceVersion "1"]
[SourceVersionDate "2023.10.10"]
[SourceQuality "1"]

1. e4 e5 2. d4 exd4 3. c3 d5 4. exd5 Qxd5 5. cxd4 Bb4+ 6. Nc3 Nc6 7. Nf3 Nf6 8. Be2 0-0 9. 0-0 Qd8 10. Bg5 Be7 11. Re1 Nb4 12. a3 Nbd5 13. Qc2 c6 14. h3 Be6 15. Bd3 h6 16. Bh4 Re8 17. Rad1 Qc8 18. Bg3 Nh5 19. Rxe6 fxe6 20. Bg6 Nxg3 21. Bxe8 Qxe8 22. Nxd5 exd5 23. fxg3 Bd6 24. Re1 Qd7 25. Qg6 Rf8 26. Re2 Rf6 27. Re8+ Bf8 28. Qh5 Qf5 29. Qxf5 Rxf5 30. Ne5 Kh7 31. g4 Rf4 32. g3 Rxd4 33. Rxf8 Rd1+ 34. Rf1 Rd2 35. Rf2 Rd4 36. Kf1 Re4 37. Re2 Ra4 38. h4 Ra5 39. h5 d4 40. Ng6 Kg8 41. Rf2 d3 42. Rf8+ 1-0

[Event "Skopje op"]
[Site "Skopje"]
[Date "2022.10.22"]
[Round "3"]
[White "Lazovski, Kristijan"]
[Black "Eftovski, Mateo"]
[Result "0-1"]
[WhiteElo "1341"]
[BlackElo "1928"]
[PlyCount "70"]
[EventDate "2022.10.21"]
[EventType "swiss"]
[EventRounds "9"]
[EventCountry "MKD"]
[SourceTitle "EXT 2024"]
[Source "ChessBase"]
[SourceDate "2023.10.10"]
[SourceVersion "1"]
[SourceVersionDate "2023.10.10"]
[SourceQuality "1"]

1. e4 g6 2. d4 Bg7 3. c4 d6 4. Nc3 Nd7 5. Nf3 e5 6. g3 Ngf6 7. Bg2 0-0 8. 0-0 b6 9. Qc2 Bb7 10. d5 Qe7 11. b4 a5 12. Ba3 axb4 13. Bxb4 Nc5 14. Rfb1 Nfd7 15. Ne1 f5 16. Nd3 Ba6 17. Bxc5 bxc5 18. Nb5 Nf6 19. f3 fxe4 20. fxe4 Bh6 21. Re1 Bc8 22. a4 Ng4 23. Re2 Kg7 24. Rae1 Bg5 25. Nf2 Nf6 26. Bh3 Bxh3 27. Nxh3 Bh6 28. Kg2 Rf7 29. Rf1 Ng4 30. Rxf7+ Qxf7 31. Kg1 Ne3 32. Qc1 Rxa4 33. Nc3 Nxd5 34. Ng5 Bxg5 35. Qxg5 Ra1+ 0-1

[Event "FRM-ch U14"]
[Site "Struga"]
[Date "2022.06.20"]
[Round "3"]
[White "Lazovski, Kristijan"]
[Black "Kalin, Andrei"]
[Result "1/2-1/2"]
[WhiteElo "1252"]
[BlackElo "1707"]
[PlyCount "77"]
[EventDate "2022.06.18"]
[EventType "swiss"]
[EventRounds "8"]
[EventCountry "MKD"]
[SourceTitle "EXT 2023"]
[Source "ChessBase"]
[SourceDate "2022.10.05"]
[SourceVersion "1"]
[SourceVersionDate "2022.10.05"]
[SourceQuality "1"]

1. d4 Nf6 2. c4 e6 3. Nf3 Be7 4. g3 b6 5. Bg2 Bb7 6. 0-0 0-0 7. Nc3 Ne4 8. Qc2 Nxc3 9. Qxc3 d6 10. b3 f5 11. Bb2 Bf6 12. Rfd1 Qe8 13. Rac1 a5 14. Qc2 Na6 15. e3 Nb4 16. Qd2 Nxa2 17. Ra1 Nb4 18. Ba3 Na6 19. Rac1 Be7 20. Qb2 Rb8 21. Qd2 Qh5 22. Ne5 Bxg2 23. Kxg2 Qe8 24. Nd3 Qc6+ 25. Kg1 Qb7 26. Rc2 Rfe8 27. Rdc1 Bf8 28. h3 e5 29. d5 Qc8 30. Kh2 Be7 31. Re1 Qd8 32. b4 axb4 33. Bxb4 Bf6 34. Ra2 Nc5 35. Bxc5 bxc5 36. Kg2 Bg5 37. Rea1 f4 38. exf4 e4 39. fxg5 1/2-1/2

[Event "Skopje op"]
[Site "Skopje"]
[Date "2019.12.09"]
[Round "6"]
[White "Kalin, Andrei"]
[Black "Lazovski, Kristijan"]
[Result "1-0"]
[WhiteElo "1251"]
[BlackElo "1219"]
[PlyCount "45"]
[EventDate "2019.12.06"]
[EventType "swiss"]
[EventRounds "9"]
[EventCountry "MKD"]
[SourceTitle "CBM 193 Extra"]
[Source "ChessBase"]
[SourceDate "2020.01.31"]
[SourceVersion "1"]
[SourceVersionDate "2020.01.31"]
[SourceQuality "1"]

1. e4 e5 2. Nf3 Nc6 3. d4 exd4 4. Bc4 Bb4+ 5. Bd2 Bxd2+ 6. Qxd2 Nf6 7. e5 Qe7 8. 0-0 Ne4 9. Qe2 Nc5 10. Rd1 Ne6 11. Bxe6 Qxe6 12. Nxd4 Qxe5 13. Qxe5+ Nxe5 14. Re1 d6 15. f4 f6 16. fxe5 fxe5 17. Nc3 0-0 18. Ndb5 Rf7 19. Rf1 Bf5 20. Rf2 Rd8 21. Raf1 Bg6 22. Rxf7 Bxf7 23. Nxc7 1-0

[Event "Skopje op"]
[Site "Skopje"]
[Date "2019.12.07"]
[Round "3"]
[White "Lazovski, Kristijan"]
[Black "Stoilkovski, Jordan"]
[Result "1/2-1/2"]
[WhiteElo "1219"]
[BlackElo "1846"]
[PlyCount "47"]
[EventDate "2019.12.06"]
[EventType "swiss"]
[EventRounds "9"]
[EventCountry "MKD"]
[SourceTitle "CBM 193 Extra"]
[Source "ChessBase"]
[SourceDate "2020.01.31"]
[SourceVersion "1"]
[SourceVersionDate "2020.01.31"]
[SourceQuality "1"]

1. e4 c5 2. Nf3 Nc6 3. d4 cxd4 4. Nxd4 e5 5. Nb5 a6 6. Nd6+ Bxd6 7. Qxd6 Qf6 8. Qxf6 Nxf6 9. Nc3 Nb4 10. Bd3 d5 11. a3 Nxd3+ 12. cxd3 d4 13. Na4 Nd7 14. b4 b5 15. Nc5 Nxc5 16. bxc5 Bd7 17. Bd2 a5 18. 0-0 f5 19. f3 fxe4 20. fxe4 Rf8 21. Rac1 Rxf1+ 22. Kxf1 Bc6 23. Ke2 a4 24. Bb4 1/2-1/2

[Event "Ohrid Lasker U20 op"]
[Site "Ohrid"]
[Date "2019.10.12"]
[Round "6"]
[White "Lazovski, Kristijan"]
[Black "Isufi, Elisa"]
[Result "0-1"]
[WhiteElo "1221"]
[BlackElo "1583"]
[PlyCount "50"]
[EventDate "2019.10.10"]
[EventType "swiss"]
[EventRounds "7"]
[EventCountry "MKD"]
[SourceTitle "CBM 192 Extra"]
[Source "Chessbase"]
[SourceDate "2019.11.06"]
[SourceVersion "1"]
[SourceVersionDate "2019.11.06"]
[SourceQuality "1"]

1. e4 e5 2. Nf3 Nc6 3. d4 exd4 4. Nxd4 Bc5 5. Be3 Qf6 6. c3 Nge7 7. Bc4 0-0 8. 0-0 Ne5 9. Bb3 d6 10. f4 Ng4 11. Bc1 Nc6 12. e5 dxe5 13. fxe5 Qxe5 14. Rf4 Nf6 15. Na3 Rd8 16. Nac2 Bf5 17. Kh1 Bxc2 18. Bxc2 Bxd4 19. cxd4 Nxd4 20. Bd2 Ne2 21. Ra4 b5 22. Rb4 c5 23. Rxb5 Ng4 24. Bxh7+ Kh8 25. Qg1 Nxg1 0-1

[Event "Ohrid Lasker U20 op"]
[Site "Ohrid"]
[Date "2019.10.12"]
[Round "5"]
[White "Lazovski, Kristijan"]
[Black "Kalin, Andrei"]
[Result "1/2-1/2"]
[WhiteElo "1221"]
[BlackElo "1288"]
[PlyCount "50"]
[EventDate "2019.10.10"]
[EventType "swiss"]
[EventRounds "7"]
[EventCountry "MKD"]
[SourceTitle "CBM 192 Extra"]
[Source "Chessbase"]
[SourceDate "2019.11.06"]
[SourceVersion "1"]
[SourceVersionDate "2019.11.06"]
[SourceQuality "1"]

1. e4 c5 2. Nf3 d6 3. d4 cxd4 4. Nxd4 Nf6 5. Nc3 g6 6. Be3 Bg7 7. f3 0-0 8. Qd2 Nc6 9. 0-0-0 Nxd4 10. Bxd4 Be6 11. Kb1 Qc7 12. Rc1 Rfc8 13. Nd5 Bxd5 14. exd5 Nd7 15. Bxg7 Kxg7 16. h4 h6 17. f4 Nf6 18. Be2 Qc5 19. Bf3 h5 20. f5 Rh8 21. fxg6 fxg6 22. c4 Nd7 23. Rhe1 Ne5 24. Qg5 Rae8 25. Be4 Rhf8 1/2-1/2